[Event "Las Palmas Insular-chT Segunda 1718"]
[Site "Las Palmas"]
[Date "2018.02.03"]
[Round "7.1"]
[White "Meyer, Lars A"]
[Black "Rodriguez Perez, Jose Manuel"]
[Result "1-0"]
[WhiteElo "2286"]
[BlackElo "1991"]
[PlyCount "83"]
[EventDate "2017.10.28"]
[EventType "team-swiss"]
[EventRounds "9"]
[EventCountry "ESP"]
[SourceTitle "EXT 2021"]
[Source "ChessBase"]
[SourceDate "2020.10.23"]
[SourceVersion "1"]
[SourceVersionDate "2020.10.23"]
[SourceQuality "1"]
[WhiteTeam "Maspalomas"]
[BlackTeam "Villa de Teror II"]
[WhiteTeamCountry "ESP"]
[BlackTeamCountry "ESP"]

1. Nf3 d5 2. g3 c6 3. Bg2 Nf6 4. 0-0 Bg4 5. d3 Nbd7 6. Nbd2 e5 7. h3 Bf5 8. e4 dxe4 9. Nh4 Be6 10. dxe4 Bc5 11. Qe2 Qc7 12. Rd1 0-0-0 13. Nb3 Bb6 14. Be3 Bxe3 15. Qxe3 Qb6 16. Qc3 g6 17. Re1 Ne8 18. Kh2 Qxf2 19. Nf3 Bxb3 20. axb3 f5 21. exf5 gxf5 22. Rf1 Qc5 23. Qxc5 Nxc5 24. Nxe5 Rd2 25. Nf7 Rg8 26. Nh6 Rf8 27. Nxf5 Kb8 28. Ne3 Rff2 29. Kg1 Rfe2 30. Rae1 Nd6 31. Bf3 Rxe1 32. Rxe1 Kc7 33. Re2 Rxe2 34. Bxe2 Nde4 35. Kg2 b5 36. Bd3 h6 37. Kf3 Ng5+ 38. Kg4 Nf7 39. h4 Ne5+ 40. Kh5 Nexd3 41. cxd3 Nxd3 42. Kxh6 1-0

[Event "Las Palmas Insular-chT Primera-A 1617"]
[Site "Las Palmas"]
[Date "2016.12.17"]
[Round "7.2"]
[White "Rodriguez Perez, Jose Manuel"]
[Black "Martinez Molina, Jose Juan"]
[Result "1-0"]
[WhiteElo "1992"]
[BlackElo "1750"]
[PlyCount "71"]
[EventDate "2016.10.22"]
[EventType "team-tourn"]
[EventRounds "14"]
[EventCountry "ESP"]
[SourceTitle "EXT 2018"]
[Source "ChessBase"]
[SourceDate "2017.10.13"]
[SourceVersion "1"]
[SourceVersionDate "2017.10.13"]
[SourceQuality "1"]
[WhiteTeam "Villa de Teror II"]
[BlackTeam "Anand II"]
[WhiteTeamCountry "ESP"]
[BlackTeamCountry "ESP"]

1. e4 c5 2. Nf3 a6 3. d4 cxd4 4. c3 dxc3 5. Nxc3 Nc6 6. Bc4 e6 7. Bf4 d6 8. 0-0 Nf6 9. Qe2 Be7 10. Rfd1 Nh5 11. Be3 b5 12. Bb3 Qc7 13. Rac1 Qb7 14. Ng5 Nf6 15. f4 0-0 16. Bc2 h6 17. Nh3 Rd8 18. g4 e5 19. f5 Nd4 20. Rxd4 exd4 21. Bxd4 Bd7 22. g5 hxg5 23. Nxg5 Qc6 24. Bb3 Rf8 25. h4 Rac8 26. Bxf6 Bxf6 27. Qh5 Bxg5 28. hxg5 Qb6+ 29. Kf1 Qe3 30. Re1 Qf4+ 31. Kg2 b4 32. g6 Qh6 33. gxf7+ Kh7 34. Qg4 Qd2+ 35. Re2 Qh6 36. Kg3 1-0

[Event "Las Palmas Insular-chT Primera-A 1617"]
[Site "Las Palmas"]
[Date "2016.11.12"]
[Round "4.2"]
[White "Ramirez Gomez, Manuel"]
[Black "Rodriguez Perez, Jose Manuel"]
[Result "0-1"]
[WhiteElo "1753"]
[BlackElo "1992"]
[PlyCount "44"]
[EventDate "2016.10.22"]
[EventType "team-tourn"]
[EventRounds "14"]
[EventCountry "ESP"]
[SourceTitle "EXT 2018"]
[Source "ChessBase"]
[SourceDate "2017.10.13"]
[SourceVersion "1"]
[SourceVersionDate "2017.10.13"]
[SourceQuality "1"]
[WhiteTeam "Tres W II"]
[BlackTeam "Villa de Teror II"]
[WhiteTeamCountry "ESP"]
[BlackTeamCountry "ESP"]

1. b3 e5 2. Bb2 Nc6 3. e3 d5 4. Bb5 Bd6 5. f4 Qh4+ 6. g3 Qe7 7. Bxc6+ bxc6 8. Qe2 Nf6 9. Nf3 exf4 10. exf4 Qxe2+ 11. Kxe2 Ba6+ 12. d3 c5 13. Bxf6 gxf6 14. Nc3 c6 15. Rhe1 Kd7 16. Kf2 c4 17. dxc4 Bb4 18. Re3 Bc5 19. b4 Bxe3+ 20. Kxe3 Rhe8+ 21. Kd4 Bxc4 22. a4 Rab8 0-1

[Event "Las Palmas Insular-chT Pref-B"]
[Site "Las Palmas"]
[Date "2015.10.17"]
[Round "1.1"]
[White "Rodriguez Perez, Jose Manuel"]
[Black "Quintana Marrero, Pedro Jesus"]
[Result "1-0"]
[WhiteElo "2009"]
[BlackElo "1920"]
[PlyCount "50"]
[EventDate "2015.10.17"]
[EventType "team-tourn"]
[EventRounds "14"]
[EventCountry "ESP"]
[SourceTitle "CBM 170 Extra"]
[Source "ChessBase"]
[SourceDate "2016.02.25"]
[SourceVersion "1"]
[SourceVersionDate "2016.02.25"]
[SourceQuality "1"]
[WhiteTeam "Drago de Sataute Centro Goya III"]
[BlackTeam "Anand"]
[WhiteTeamCountry "ESP"]
[BlackTeamCountry "ESP"]

1. Nf3 d6 2. d4 Nf6 3. Nc3 Nbd7 4. e4 c5 5. e5 cxd4 6. Qxd4 dxe5 7. Qa4 e6 8. Bg5 Be7 9. Rd1 0-0 10. Bxf6 Bxf6 11. Bb5 Qb6 12. Bxd7 Bxd7 13. Rxd7 Qxb2 14. Ne4 b5 15. Nxf6+ gxf6 16. Qb3 Qc1+ 17. Rd1 Qf4 18. 0-0 Kh8 19. Qe3 Qf5 20. Nh4 Qh5 21. g3 Rg8 22. Kh1 Rg4 23. Qf3 e4 24. Qxf6+ Kg8 25. Rd7 Rg5 1-0

[Event "Las Palmas Insular-chT Primera-A"]
[Site "Las Palmas"]
[Date "2013.02.02"]
[Round "8.3"]
[White "Monteiro Rodrigues, Carlos"]
[Black "Rodriguez Perez, Jose Manuel"]
[Result "0-1"]
[WhiteElo "1562"]
[BlackElo "2040"]
[PlyCount "54"]
[EventDate "2012.11.10"]
[EventType "team-tourn"]
[EventRounds "14"]
[EventCountry "ESP"]
[SourceTitle "EXT 2014"]
[Source "ChessBase"]
[SourceDate "2013.11.20"]
[SourceVersion "1"]
[SourceVersionDate "2013.11.20"]
[SourceQuality "1"]
[WhiteTeam "La Bagacera"]
[BlackTeam "Villa de Teror "]
[WhiteTeamCountry "ESP"]
[BlackTeamCountry "ESP"]

1. e4 e5 2. Nf3 Nc6 3. Bc4 Nd4 4. c3 Nxf3+ 5. Qxf3 Nf6 6. d3 c6 7. Bg5 Be7 8. 0-0 a5 9. Nd2 b5 10. Bb3 a4 11. Bc2 0-0 12. d4 d6 13. h3 Be6 14. Qe3 Ng4 15. Qd3 Bxg5 16. hxg4 Bxg4 17. Qg3 h5 18. Nf3 Bf4 19. Qh4 g5 20. Qh1 h4 21. Nh2 Be6 22. b3 g4 23. Rfe1 Bd2 24. Re3 Bxe3 25. fxe3 axb3 26. Bb1 Qg5 27. Kf2 Rxa2+ 0-1

[Event "Las Palmas Insular-chT Pref-B"]
[Site "Las Palmas"]
[Date "2011.04.16"]
[Round "13.3"]
[White "Rodriguez Perez, Jose Manuel"]
[Black "Aguila Hernandez, Eduardo"]
[Result "1/2-1/2"]
[WhiteElo "2055"]
[BlackElo "1697"]
[PlyCount "121"]
[EventDate "2011.01.15"]
[EventType "team-tourn"]
[EventRounds "14"]
[EventCountry "ESP"]
[SourceTitle "EXT 2012"]
[Source "ChessBase"]
[SourceDate "2011.11.24"]
[SourceVersion "1"]
[SourceVersionDate "2011.11.24"]
[SourceQuality "1"]
[WhiteTeam "Villa de Teror II"]
[BlackTeam "La Caja de Vecindario II"]
[WhiteTeamCountry "ESP"]
[BlackTeamCountry "ESP"]

1. Nf3 Nf6 2. d4 d5 3. Bf4 e6 4. e3 Be7 5. Bd3 0-0 6. Nbd2 Nbd7 7. Ne5 c5 8. c3 Qb6 9. Rb1 c4 10. Bc2 Nxe5 11. dxe5 Nd7 12. Qh5 f5 13. g4 Nc5 14. gxf5 exf5 15. Rg1 Rf7 16. Nf3 Bd7 17. e6 Qxe6 18. Ne5 Rff8 19. Ke2 Be8 20. Qh3 Bd6 21. Qg3 Bxe5 22. Bxe5 Bh5+ 23. f3 Bg6 24. f4 Nd7 25. Bd4 Nf6 26. Bxf6 Qxf6 27. Qg5 Rae8 28. h4 Qxg5 29. Rxg5 Rf6 30. h5 Bf7 31. Rbg1 g6 32. hxg6 hxg6 33. Bxf5 Kg7 34. Kf3 Rh8 35. R1g2 Rh1 36. Bc8 b6 37. Bb7 Rd1 38. Re5 Re6 39. Rxe6 Bxe6 40. e4 dxe4+ 41. Bxe4 Bf7 42. f5 Rd6 43. fxg6 Bxg6 44. Rxg6+ Rxg6 45. Bxg6 Kxg6 46. Ke4 Kf6 47. Kd4 Ke6 48. Kxc4 a6 49. a4 Kd6 50. b4 Kc6 51. b5+ axb5+ 52. axb5+ Kd6 53. Kd4 Ke6 54. Ke4 Kd6 55. Kd4 Ke6 56. c4 Kd6 57. Kd3 Ke5 58. c5 bxc5 59. Kc4 Kd6 60. b6 Kc6 61. b7 1/2-1/2